00461nam a22001577a 450000500170000000800410001702000150005804100120007308200140008510000390009924500460013825000190018426000410020330000340024465000250027820231113102724.0231113b |||||||| |||| 00| 0 eng d a0702119636 aEnglish a345.5 SNY aSnyman, JL en Morkel, DWlEnglish  aStrafprosesreg /cJL Snyman and DW Morkel aTweede Uitgawe aKaapstad : bJuta en Kie, Bpk,c1988 bxlix, 581 pages ; c25,5 cm.  aLegal practice bLaw